MDQL
is popping MORE tags! Check the
thread
!
Quizzes
Events
Quiz Creation
Community
Videos
Private Events
Remove Ads
Sign In
Join for FREE
Feedback
Dark Mode
Quiz Categories
Sports
Geography
Music
Movies
Television
Just For Fun
Miscellaneous
History
Literature
Language
Science
Gaming
Entertainment
Religion
Holiday
For Kids
Quiz Lab
Recent
Popular Today
Quiz Kudos Today
Editor Picks
Curator Picks
Quizzes by...
Day
Popularity
Type
Ratings
Length
Year
Community
Subscriptions
Recent Discussions
Orange Saloon
Badges
Playlists
Quests
Create
Leaderboards
Showdown
Live 5
Trivia Bingo
Activity
Puzzle Library
Sporcle Events
Private Events
Virtual Trivia
Globe League
Become a Host
Pub Owners
SporcleCon
Opinionation
Our Games
Videos
Blog
Mobile Apps
Partnerships
Remove Ads and Go Orange
Feedback
Music
Pop Music
The Beatles
Song
Album
Lyrics
Bands
Singers
Artist
Clip
Rock
Rap
Classical
Billboard
Country Music
Kpop
Taylor Swift
Music
Pop Music
The Beatles
Song
Album
Lyrics
Bands
Singers
Artist
Clip
Rock
Rap
Classical
Billboard
Country Music
Kpop
Taylor Swift
Random Quiz
Search Sporcle
×
Quiz Lab
Quiz Lab
Music
United Kingdom
Type in answers that appear in a list
Type in answers that appear in a list
Classic
Best Score? Go Orange.
Liam Gallagher & Beady Eye Studio Album songs Stats
Can you name all the Beady Eye and Liam Gallagher album songs?
By
Danaceo_G
10m
59 Questions
269 Plays
269 Plays
269 Plays
Comments
Comments
Give Quiz Kudos
Give Quiz Kudos
-
- Ratings
hide this ad
Replay
Link that replays current quiz
Next Quiz
Link to next quiz in quiz playlist
You Got
0%
They Got
Avg Score
35%
Avg Friend Score
Upgrade to see
Score Distribution
Jump to the score distribution portion of the page
Score
0/59
Timer
10:00
0
Plays Today
Album
Song
% Correct
As You Were (2017)
Wall of Glass
87.3%
Why Me? Why Not (2019)
Once
82%
C'mon You Know (2022)
C'mon You Know
79.3%
Why Me? Why Not (2019)
Why Me? Why Not
78.9%
C'mon You Know (2022)
Everything's Electric
74.7%
Why Me? Why Not (2019)
Shockwave
73.7%
As You Were (2017)
Chinatown
73.6%
As You Were (2017)
For What Its Worth
73.1%
Different Gear Still Speeding (2011)
The Roller
72.5%
C'mon You Know (2022)
Diamond In The Dark
71.3%
C'mon You Know (2022)
More Power
69%
As You Were (2017)
Bold
68.4%
As You Were (2017)
Paper Crown
67%
Why Me? Why Not (2019)
One Of Us
66.2%
As You Were (2017)
Greedy Soul
66%
BE (2013)
Flick of the Finger
63.6%
C'mon You Know (2022)
Moscow Rules
63.2%
Why Me? Why Not (2019)
The River
61.7%
BE (2013)
Soul Love
60.2%
Different Gear Still Speeding (2011)
Four Letter Word
56.5%
C'mon You Know (2022)
Better Days
54%
As You Were (2017)
Universal Gleam
53.8%
As You Were (2017)
Come Back To Me
53.3%
As You Were (2017)
I've All I Need
53.3%
Why Me? Why Not (2019)
Now That I've Found You
51.9%
Why Me? Why Not (2019)
Meadow
51.9%
Why Me? Why Not (2019)
Halo
51.1%
BE (2013)
Second Bite of the Apple
50.9%
C'mon You Know (2022)
Too Good For Giving Up
50.6%
As You Were (2017)
You Better Run
50%
Album
Song
% Correct
Different Gear Still Speeding (2011)
Millionaire
49.4%
Different Gear Still Speeding (2011)
Beatles and Stones
48%
BE (2013)
Start Anew
45.7%
C'mon You Know (2022)
Oh Sweet Children
44.8%
Why Me? Why Not (2019)
Gone
43.6%
BE (2013)
Iz Rite
43.5%
Why Me? Why Not (2019)
Be Still
42.9%
As You Were (2017)
I Get By
42%
Different Gear Still Speeding (2011)
The Beat Goes On
41.6%
BE (2013)
Don't Brother Me
41.3%
Different Gear Still Speeding (2011)
The Morning Son
39.8%
C'mon You Know (2022)
Don't Go Halfway
39.1%
C'mon You Know (2022)
World's In Need
39.1%
C'mon You Know (2022)
I'm Free
39.1%
Different Gear Still Speeding (2011)
Wigwam
38.7%
Why Me? Why Not (2019)
Alright Now
38.3%
Different Gear Still Speeding (2011)
Bring the Light
38.3%
As You Were (2017)
When I'm In Need
35.8%
BE (2013)
Shine a Light
35.7%
Different Gear Still Speeding (2011)
Three Ring Circus
32%
BE (2013)
Face the Crowd
32%
Different Gear Still Speeding (2011)
Kill For a Dream
31.6%
Different Gear Still Speeding (2011)
Standing on the Edge of the Noise
30.5%
BE (2013)
Ballroom Figured
30.1%
BE (2013)
Soon Come Tomorrow
27.5%
Different Gear Still Speeding (2011)
For Anyone
26.4%
BE (2013)
I'm Just Saying
26%
Different Gear Still Speeding (2011)
Wind Up Dream
25.3%
C'mon You Know (2022)
It Was Not Meant To Be
24.1%
Quiz Playlist
Details
Report
Send in Message
Add To Playlist
Classic:
Type in answers that appear in a list
Last Updated: Jul 13, 2022
Quiz Scoreboard
CHALLENGE
Sign Up to Join the Scoreboard
Show All
Scores
Hide
Comments
May contain spoilers
Recently Published
1-10 Letter E Words III
by El_Dandy
Language
2m
Street Fighter Characters
by Artimus82
Gaming
60s
College Basketball Coaching Resumes
by pancakes188
Sports
9m
More to Explore
Quiz From the Vault
Featured Blog Post
Where Did the Easter Bunny Come From?
hide this ad
You Might Also Like...
Tags
Rock Quiz
United Kingdom Quiz
Alternative
britpop
guitar
Manchester
Oasis
UK Bands
Today's Top Quizzes in Music
Browse Music
hide this ad
Today's Top Quizzes in United Kingdom
Browse United Kingdom
Top Contributed Quizzes in Music
1
Taylor Swift All Songs (2024)
2
Taylor Swift Logic Puzzle
3
Guess the Artist- 70s Songs
4
7-to-1: Billboard Hot 100 #1 Hits of 2010s
5
Sorting Albums and Songs
6
Billboard Blitz: Aretha Franklin
7
KPOP LOGIC QUIZ
8
Guess the Taylor Swift song (Mystery Song)
9
Guess The Taylor Swift Lyrics Song #1
10
Billboard Blitz: ABBA
Explore More
Trending Topics
Crossword
NBA
Disney
Anime
Kpop
Harry Potter
Marvel
Pokémon
The Office
NFL
Puzzle
Country
Soccer
Song
WWE
hide this ad
More By:
Danaceo_G
Quiz
Plays
Rating
Category
Featured
Created
English Towns by Highest Muslim Population
805
4.67
Geography
Dec 21, 2022
Grand Theft Auto IV/V Vehicle Brands/Manufacturers
402
5.00
Gaming
Mar 20, 2013
20 Most Common Surnames in Alberta
286
5.00
Geography
Aug 8, 2022
Liam Gallagher & Beady Eye Studio Album songs
269
5.00
Music
Nov 25, 2013
UK Cities By Size
267
4.80
Geography
Dec 10, 2018
Go to Creator's Profile
Score Distribution
Quiz Creator Spotlight
Danaceo_G
Follow
Send a Message
Quizzes Created
-
Created Quiz Play Count
-
More By This Creator
Popular Quizzes Today
1
Find the US States - No Outlines Minefield
2
Find the Countries of Europe - No Outlines Minefield
3
The Countries of the World
4
Find the US States
5
Risky Map Clicking: Biggest States A-Z
6
US States
7
Popular People in 1961
8
Movies - When Are They Set?
More Music Quizzes
Women Singers of the 1990s
Published
Trending Quizzes
Risky Map Clicking: Least Populous States A-Z
Billboard Blitz: Aretha Franklin
Famous Russians: Author or Composer?
1-10 Letter G Words
Countries of the World: 200 Million BC
Recently Updated
Leaping Animals
pecheneg
Reality TV Shows (A-Z)
bhenderson79
Rickey Henderson's Hall of Fame Teammates
pecheneg
Champions League XIs: Arsenal
pecheneg
Quick Pick: Celebrities in WWE's Hall of Fame
aduchscher
A-Z Keypad Blitz II
pecheneg
Multiple Oscar Actors
pecheneg
Mystery Phrase Blitz: Oscar 'Best Actors'
pecheneg
F. Scott Fitzgerald Novels
LTH
Pick 3 Villains
ddd62291
Trending Topics
Disney
NBA
Anime
Marvel
Kpop
Harry Potter
Crossword
Country
Soccer
Puzzle
WWE
Pokémon
NFL
Song
The Office
Your Account Isn't Verified!
In order to create a playlist on Sporcle, you need to verify the email address you used during registration. Go to your
Sporcle Settings
to finish the process.
Report this User
Report this user for behavior that violates our
Community Guidelines
.
Details:
Send Report
Go to the Sporcle.com Mobile Site →
Comments